00869nam a2200253 a 4500001001000000005001700010008004100027041000800068044000700076050002100083100002600104245006100130260003100191300004700222440005300269500006200322500000800384600004100392650003600433902000800469942001100477999001500488952011200503BRCA_264320190320203914.0011208s1930----fr-a---###---#000-0#fre-# afre afr 4aNE670b.G63 19301 aGodefroy, Louis9751910aL´Oeuvre Gravé de Adriaen van OstadecLouis Godefroy. aParísbL. Godefroyc1930 a1 v. (en varias paginaciones)bil.c33 cm. 0aMonographres de peintres graveurs ilustres97520 aIncluye índice analítico, alfabético y cronología aA9414aOstade, Adriaen vand1610-16859736514aAguafuertistas holandeses97521 aGFM 2lcccB c2383d2383 00104070aBRCAbBRCAd2008-12-01iA94l0oNE670 .G63 1930 (A94)p2640r2019-03-22 00:00:00w2019-03-22yB